Les 36 clubs participants à la Ligue Conférence (2025-2026) - Statistiques

Statistiques générales
  • Ce quiz a été pris 76 fois
  • Le résultat moyen est 18 sur 36
Statistiques - réponses
Pays Club % Correct
France RC Strasbourg
92%
Angleterre Crystal Palace
87%
Italie Fiorentina
81%
Pologne Legia Varsovie
75%
Allemagne Mayence 05
72%
Slovaquie Slovan Bratislava
72%
Grèce AEK Athènes
68%
Pays-Bas AZ Alkmaar
68%
Espagne Rayo Vallecano
68%
Ukraine Dynamo Kiev
64%
Autriche Rapid Vienne
57%
Tchéquie Sparta Prague
57%
Ecosse Aberdeen FC
55%
Arménie FC Noah
55%
Pologne Lech Poznań
53%
Gibraltar Lincoln Red Imps
49%
Ukraine Shakthar Donetsk
49%
Irlande Shamrock Rovers
47%
Croatie HNK Rijeka
45%
Suisse Lausanne-Sport
45%
Pologne Jagiellonia Bialystok
42%
Chypre Omonia Nicosie
40%
Islande Breiðablik
36%
Turquie Samsunspor
36%
Chypre AEK Larnaca
32%
Malte Hamrun Spartans
32%
Suède BK Häcken
30%
Finlande KuPS
30%
Slovénie NK Celje
30%
Bosnie-Herzégovine Zrinjski Mostar
30%
Pologne Raków Częstochowa
28%
Roumanie Universitatea Craiova
28%
Kosovo FC Drita
26%
Macédoine du Nord KF Shkëndija
26%
Tchéquie Sigma Olomouc
25%
Irlande Shelbourne FC
23%
Aucun quiz correspondant
Distribution des résultats
% des personnes avec chaque résultat
Percentile par nombre de réponses
Votre historique - résultats
Vous n’avez pas pris ce quiz